000 02442cam a22005174i 4500
003 PE-LiUPU
005 20250731172755.0
008 150617s r 000 0 d
020 _a8430106863
035 _a(Sirsi) i9788430106868
040 _aPE-LiUPU
_bspa
_cPE-LiUPU
_erda
049 _aPRUA
082 0 4 _a232.8
_bG69
_221
100 1 _aGonzales Faus, José,
_eautor.
245 1 3 _aLa teología de cada día /
_cJosé Gonzaales Faus.
264 1 _aSalamanca :
_bEdiciones sigueme,
_c1977.
300 _a418 páginas ;
_c21 centímetros.
336 _atext
_2rdacontent
337 _aunmediated
_2rdamedia
338 _avolume
_2rdacarrier
490 0 _aEstudios sigueme ;
_v19
504 _aIncluye bibliografía.
505 0 _aJesús de Nazaret: ¿Qué significa creer en Jesús? -- Las tentaciones de Jesús y la tentación Cristiana -- Meditaciones ante un crucifijo dos mil años después -- Las imágenes de Jesús en la conciencia viva de la iglesia actual. Vida de la iglesia: La caida del celibato romano -- ¿Con quien está la iglesia? -- ¿Qué significa hoy la conversión al evangelio. Presentaciones:Presentación de Dietrich Bonhoefer. La "teología del dolor de Dios". Cristianismo y lucha por la justicia: Tesis sobre cristianismo y lucha por la justicia -- Carta a los cristianos por el socialismo -- ¿Socialismo como espiritualidad?.
526 _aSEG42
526 _aSEG41
526 _aSEG40
526 _aSEG39
526 _aP94
526 _aP87
526 _aP86
526 _aP85
526 _aP77
526 _aP76
526 _aP35
600 1 _aJESUCRISTO
_xMESIAS
910 _ajck
_bjvq
_cjck
_d20150616
942 _2ddc
_cBOOK
949 _a232.8 G69
_wDEWEY
_c1
_i30392
_lCCODEBUL1
_mBUL
_r0
_sY
_tBOOK
_u2015-6-17
_xTEOLOGIA
_PP35
_0COMPRA
_o.STAFF. Colección general
949 _a232.8 G69
_wDEWEY
_c2
_i22484
_lCCODEBUL1
_mBUL
_r0
_sY
_tBOOK
_u2015-6-17
_xTEOLOGIA
_PP35
_0COMPRA
_o.STAFF. Colección general
994 _aC0
_bPEPRU
596 _a1
999 _a232.8 G69
_wDEWEY
_c3046
_i30392
_f2021-11-11
_g5
_lCCODEBUL1
_mBUL
_r0
_sY
_tBOOK
_u2015-6-17
_xTEOLOGIA
_PP35
_0COMPRA
_o.STAFF. Colección general
_d3046
999 _a232.8 G69
_wDEWEY
_c2
_i22484
_f2019-12-10
_g4
_lDISCARD
_mBUL
_r1
_sY
_tBOOK
_u2015-6-17
_xUNKNOWN
_PP35
_0COMPRA
_o.STAFF. Colección general
980 _81
_gALBERTO SANCHEZ Responsable de Automatización